LEADER 01355nam a2200289 i 4500 001 991002021199707536 005 20020508185139.0 008 000606s1972 it ||| | ita 035 $ab10947486-39ule_inst 035 $aPARLA153062$9ExL 040 $aDip.to Scienze Storiche Fil. e Geogr.$bita 082 0 $a025.171 110 2 $aArchivio di Stato $0453662 245 14$aGli archivi delle giunte provvisorie di governo e della luogotenenza generale del re per Roma e le province romane /$cinventario a cura di Carla Lodolini tupputi 260 $aRoma :$b[s. n.],$c1972 300 $aXVII, 425 p. ;$c24 cm. 490 0 $aPubblicazioni degli archivi di Stato ;$v72 500 $aIn testa al front.: Archivio di Stato di Roma. 500 $aTit. in sovraccoperta: Roma capitale. Documenti 1870, vol.2. 650 4$aArchivi di Stato$zRoma$xArchivi delle giunte provvisorie di governo$xInventari 700 1 $aLodolini Tupputi, Carla 907 $a.b10947486$b23-02-17$c28-06-02 912 $a991002021199707536 945 $aLE009 STOR.15.1-13/72$g1$i2009000049987$lle009$o-$pE0.00$q-$rn$so $t0$u0$v0$w0$x0$y.i11054815$z28-06-02 996 $aArchivi delle giunte provvisorie di governo e della luogotenenza generale del re per Roma e le province romane$9863246 997 $aUNISALENTO 998 $ale009$b01-01-00$cm$da $e-$fita$git $h4$i1 LEADER 02354nam 2200637z- 450 001 9910639978603321 005 20231214133311.0 010 $a9781920382995 010 $a1920382992 035 $a(CKB)4100000009513019 035 $a(oapen)https://directory.doabooks.org/handle/20.500.12854/96065 035 $a(Perlego)3511825 035 $a(EXLCZ)994100000009513019 100 $a20220518d2017 uy | 101 0 $aeng 135 $aurmn|---annan 181 $ctxt$2rdacontent 182 $cc$2rdamedia 183 $acr$2rdacarrier 200 00$aHealthcare ethics for Healthcare Practitioners 210 $aBloemfontein$cUJ Press$d2017 215 $a1 electronic resource (150 p.) 311 08$a9781920382988 311 08$a1920382984 330 $aHealthcare ethics cannot be limited in scope to apply only to the patient but needs to apply to the healthcare practitioner as well. The relationship between the patient and the healthcare practitioner has shifted from a power relationship to a complementary relationship. Leadership, mentorship and coaching play important roles in facilitating this shift. Several themes informed this book on healthcare ethics: Vulnerability in healthcare ethics, Decisions between right and wrong, Quality of healthcare, Life-ending decisions, Community-based research, Ethical decision-making, Spritiuality in healthcare 606 $aMedical ethics & professional conduct$2bicssc 610 $ahealthcare ethics 610 $aintroduction 610 $avulnerability 610 $aright and wrong 610 $aquality 610 $aapproach 610 $ainfluence 610 $aculture 610 $avalues 610 $afaith 610 $aend-of-life 610 $adecisions 610 $ahuman rights 610 $aeuthanasia 610 $acommunity 610 $aparticipatory 610 $aresearch 610 $aethical issues 610 $aimpact 610 $ahealthcare practitioners 610 $adecision-making 610 $aprocesses 610 $aspirituality. 615 7$aMedical ethics & professional conduct 700 $aLATEGAN$b LAETUS$4auth$01309560 702 $avan Zyl$b Gert$4auth 906 $aBOOK 912 $a9910639978603321 996 $aHealthcare ethics for Healthcare Practitioners$93029388 997 $aUNINA